header

Empowering the past, confronting the future (Record no. 87005)

MARC details
000 -LEADER
fixed length control field 01770nam a2200397Ia 4500
100 1# - MAIN ENTRY--AUTHOR NAME
Personal name Strathern, Andrew.
245 10 - TITLE STATEMENT
Title Empowering the past, confronting the future
260 ## - PUBLICATION, DISTRIBUTION, ETC. (IMPRINT)
Place of publication New York :
Name of publisher Palgrave Macmillan,
Year of publication 2004.
300 ## - PHYSICAL DESCRIPTION
Number of Pages xi, 190 p. :
Other physical details ill., map.
650 #0 - SUBJECT ADDED ENTRY--TOPICAL TERM
Topical Term Duna (Papua New Guinean people)
Topical Term Duna (Papua New Guinean people)
Topical Term Duna (Papua New Guinean people)
Topical Term Mythology, Duna
Topical Term Mines and mineral resources
Topical Term Social change
700 1# - ADDED ENTRY--PERSONAL NAME
Personal name Stewart, Pamela J.
856 40 - ELECTRONIC LOCATION AND ACCESS
Uniform Resource Identifier http://site.ebrary.com/lib/rucke/Doc?id=10135713

No items available.

© 2026 Rongo University
Contact us: librarian | system librarian | Rongo university